TWENTY QUESTIONS FOR THE WRITER / (Record no. 616664)

000 -LEADER
fixed length control field 00368nam a22001337a 4500
020 ## - INTERNATIONAL STANDARD BOOK NUMBER
Qualifying information PB.
040 ## - CATALOGING SOURCE
Transcribing agency FIZZA ISHAQ
082 ## - DEWEY DECIMAL CLASSIFICATION NUMBER
Classification number 808.0427
Author Mark JAC
100 ## - MAIN ENTRY--PERSONAL NAME
Personal name BERKE,JACQUELINE.
9 (RLIN) 133735
245 ## - TITLE STATEMENT
Title TWENTY QUESTIONS FOR THE WRITER /
Statement of responsibility, etc. JACQUELINE BERKE.
260 ## - PUBLICATION, DISTRIBUTION, ETC.
Place of publication, distribution, etc. NEW YORK ;
Name of publisher, distributor, etc. HARCOURT BRACE JOVANOVICH,
Date of publication, distribution, etc. 1972.
300 ## - PHYSICAL DESCRIPTION
Extent 528 P. ;
Dimensions 9.1X6.1IN
942 ## - ADDED ENTRY ELEMENTS (KOHA)
Source of classification or shelving scheme
Koha item type Book
Holdings
Withdrawn status Lost status Source of classification or shelving scheme Damaged status Not for loan Permanent Location Current Location Shelving location Date acquired Total Checkouts Full call number Barcode Date last seen Price effective from Koha item type
          NUST Baluchistan Campus (NBC) NUST Baluchistan Campus (NBC) General Stacks 03/13/2026   808.0427 JAC QD-491 03/13/2026 03/13/2026 Book
© 2023 Central Library, National University of Sciences and Technology. All Rights Reserved.